Histoire du drapeau du Portugal - Statistiques

Statistiques générales
  • Ce quiz a été pris 75 fois
  • Le résultat moyen est 4 sur 19
Statistiques - réponses
Hint Réponse % Correct
Portugal (drapeau actuel depuis 1910)
55%
Treizième drapeau du royaume du Portugal (1834-1910)
47%
Royaume Wisigoth (418-711)
43%
Califat Omeyyades (711-750)
35%
Émirat de Cordoue (750-868)
25%
Comté du Portugal (868-1143)
24%
Empire (-218 - 418)
24%
Premier drapeau du royaume du Portugal (1143-1185)
20%
Cinquième drapeau du royaume du Portugal (1485-1521)
16%
Deuxième drapeau du royaume du Portugal (1185-1248)
14%
Onzième drapeau du royaume du Portugal (1816-1826)
14%
Douzième drapeau du royaume du Portugal (1826-1834)
14%
Troisième drapeau du royaume du Portugal (1248-1385)
10%
Huitième drapeau du royaume du Portugal (1640-1667)
10%
Dixième drapeau du royaume du Portugal (1796-1816)
10%
Neuvième drapeau du royaume du Portugal (1667-1706)
8%
Septième drapeau du royaume du Portugal (1578-1640)
6%
Quatrième drapeau du royaume du Portugal (1385-1485)
6%
Sixième drapeau du royaume du Portugal (1521-1578)
2%
Aucun quiz correspondant
Distribution des résultats
% des personnes avec chaque résultat
Percentile par nombre de réponses
Votre historique - résultats
Vous n’avez pas pris ce quiz